| 000 | 00396nam a2200145 i 4500 | ||
|---|---|---|---|
| 001 | 20698 | ||
| 003 | ES-MaACL | ||
| 007 | t| | ||
| 008 | 021115s1890 xxu ||||1| spa d | ||
| 245 | 0 | 0 | _aActas de la Conferencia Internacional Americana. |
| 260 |
_aWashington : _b[s.n.], _c1890. |
||
| 300 |
_a903 p. ; _c29 cm. |
||
| 500 | _aTexto y portada en inglés y español. | ||
| 852 |
_aES-MaACL _jG-5226 |
||
| 999 |
_c20698 _d20698 |
||